Statistiques concernant Les pays où l'on travaille le plus

Cliquez ici pour prendre le quiz!

Statistiques générales

  • Ce quiz a été pris 166 fois
  • Le résultat moyen est 7 sur 23

Statistiques - réponses

Heures par semainePays% Correct
43,8Corée du Sud
69%
42,4Mexique
52%
44,9Thaïlande
50%
47,1Turquie
47%
47,8Pakistan
40%
45Afrique du Sud
35%
42,2Algérie
35%
40,9Grèce
34%
40,4Pologne
34%
44,3Singapour
34%
50Qatar
33%
39,4Chili
30%
46,1Malaisie
30%
39,9Islande
24%
39,4Serbie
24%
40,1Bulgarie
22%
41,7Macédoine
18%
41Bosnie
17%
41,7Kosovo
16%
41,6Sri Lanka
15%
43,3Guatemala
13%
39,4République tchèque
9%
41,3République dominicaine
3%

Distribution des résultats

Percentile par nombre de réponses

% des personnes avec chaque résultat

Votre développement - résultats

Vous n’avez pas pris ce quiz